Energeticky pasívny dom 2007 1: Zborník 2. medzinárodnej konferencie. 14. jún 2007

Saved in:
Bibliographic Details
Format: Book
Language:Slovak
Published: Bratislava : Inštitút pre energeticky pasívne domy, ArTUR, 2007
Edition:1. vydanie
Subjects:
Tags: Add Tag
No Tags, Be the first to tag this record!

MARC

LEADER 00000nam a22000003a 4500
001 0119243
003 SK-STU
005 20260210134158.0
007 ta
008 251231s ----xo-----e------000-0-----d
040 |a STU  |b slo 
041 0 |a slo 
044 |a xo 
245 1 0 |a Energeticky pasívny dom 2007 1:  |b Zborník 2. medzinárodnej konferencie. 14. jún 2007 
250 |a 1. vydanie 
260 |a Bratislava :  |b Inštitút pre energeticky pasívne domy, ArTUR,  |c 2007 
300 |a 100 s. 
650 0 7 |a pasívne domy 
650 0 7 |a solárna energia 
650 0 7 |a drevené konštrukcie 
996 |b 284AU10588  |c A* 13762/U  |l AAKNAR  |s A  |a 24  |w 0119243_0002